000 01091cam a2200337 a 4500
001 15623180
005 20240903133718.0
008 090212s2007 cc ab 000 0 eng d
010 _a 2009374699
020 _a9787508511047
020 _a7508511042
035 _a(OCoLC)ocn191378973
040 _aHUA
_cHUA
_dDLC
041 1 _aeng
_hchi
042 _alccopycat
043 _aa-cc---
050 0 0 _aDS712
_b.L55913 2007
082 _a951
_bYAN
100 1 _aYing, Liu
_9125632
240 1 0 _aZi ran zhi lü.
_lEnglish
245 1 0 _aNatural wonders in China /
_cLiu Ying ; translation by Zhou Xiaozheng.
260 _aBeijing :
_bChina Intercontinental Press,
_c2007.
300 _a159 p. :
_bcol. ill., col. maps ;
_c25 cm.
440 0 _aJourney into China.
_9125596
563 _aPaperback.
651 0 _aChina
_xDescription and travel.
_93620
651 0 _aChina
_vGuidebooks.
_94789
906 _a7
_bcbc
_ccopycat
_d3
_encip
_f20
_gy-gencatlg
942 _2ddc
_cBK
999 _c611360
_d611360